Critical links : (Record no. 763)

MARC details
000 -LEADER
fixed length control field 01160cam a2200301 a 4500
001 - CONTROL NUMBER
control field 12459611
003 - CONTROL NUMBER IDENTIFIER
control field OSt
005 - DATE AND TIME OF LATEST TRANSACTION
control field 20230607084103.0
008 - FIXED-LENGTH DATA ELEMENTS--GENERAL INFORMATION
fixed length control field 010502s1999 wauab b 000 0 eng
010 ## - LIBRARY OF CONGRESS CONTROL NUMBER
LC control number 2001295108
020 ## - INTERNATIONAL STANDARD BOOK NUMBER
International Standard Book Number 9291460605
035 ## - SYSTEM CONTROL NUMBER
System control number (DLC) 200129510
040 ## - CATALOGING SOURCE
Original cataloging agency DLC
Transcribing agency DLC
042 ## - AUTHENTICATION CODE
Authentication code lcode
-- pcc
043 ## - GEOGRAPHIC AREA CODE
Geographic area code fh-----
-- fe-----
050 00 - LIBRARY OF CONGRESS CALL NUMBER
Classification number HD9017.A35532
Item number T48 1999
100 1# - MAIN ENTRY--PERSONAL NAME
Personal name Thrupp, Lori Ann.
245 10 - TITLE STATEMENT
Title Critical links :
Remainder of title food security and the environment in the Greater Horn of Africa /
Statement of responsibility, etc. L.A. Thrupp with N. Megateli.
260 ## - PUBLICATION, DISTRIBUTION, ETC. (IMPRINT)
Place of publication, distribution, etc. Washington, DC, USA :
Name of publisher, distributor, etc. World Resources Institute ;
Place of publication, distribution, etc. Nairobi, Kenya :
Name of publisher, distributor, etc. International Livestock Research Institute,
Date of publication, distribution, etc. 1999.
300 ## - PHYSICAL DESCRIPTION
Extent x, 99 p. :
Other physical details ill., col. maps ;
Dimensions 23 cm.
504 ## - BIBLIOGRAPHY, ETC. NOTE
Bibliography, etc Includes bibliographical references (p. 71-89).
650 #0 - SUBJECT ADDED ENTRY--TOPICAL TERM
Topical term or geographic name as entry element Food security
General subdivision Environmental aspects
Geographic subdivision Africa, Northeast.
650 #0 - SUBJECT ADDED ENTRY--TOPICAL TERM
Topical term or geographic name as entry element Food security
General subdivision Environmental aspects
Geographic subdivision Africa, East.
700 1# - ADDED ENTRY--PERSONAL NAME
Personal name Megateli, N.
Fuller form of name (Nabiha)
906 ## - LOCAL DATA ELEMENT F, LDF (RLIN)
a 7
b cbc
c origode
d 3
e ncip
f 20
g y-gencatlg
942 ## - ADDED ENTRY ELEMENTS (KOHA)
Source of classification or shelving scheme Dewey Decimal Classification
Koha item type Books
Holdings
Withdrawn status Lost status Source of classification or shelving scheme Damaged status Not for loan Home library Current library Date acquired Total Checkouts Full call number Barcode Date last seen Price effective from Koha item type
    Dewey Decimal Classification     Bunge Tower Library Bunge Tower Library 06/07/2023   363.76 THR 1000170 06/07/2023 06/07/2023 Books
LIBRARY OPENING HOURS

When the Parliament is sitting: 8.00a.m - 7.00p.m or until the house adjourns
Mondays and Fridays and when the House is on Recess:  8.00a.m - 5.00p.m
Closed on Weekends and Public Holidays

Online Public Access Catalog (OPAC)
Website: http://www.parliament.go.ke
Bunge Library: https://libraryir.parliament.go.ke
Contact: library@parliament.go.ke | Tel no: (254-2)2221291 or 2848000 Ext 5043